000 01878cam a2200133 4500500
005 20260405032220.0
041 _afre
042 _adc
100 1 0 _aKilani, Mondher
_eauthor
245 0 0 _aAnthropologie : Du local au global
260 _bArmand Colin,
_c2012.
520 _aPendant longtemps, l’anthropologie a été associée à l’étude des peuples exotiques et lointains. Dès sa constitution, elle a cependant poursuivi un autre objectif, celui de transcender les particularismes et de penser les sociétés dans leur ensemble. À une époque marquée par la globalisation, son privilège scientifique réside précisément dans cette capacité de varier les échelles d’observation et d’articuler l’universel et le particulier. Plus qu’une simple introduction, cet ouvrage a pour ambition de présenter les débats et les orientations qui ont traversé et traversent actuellement la discipline, d’interroger sa démarche et ses méthodes et de l’inscrire dans l’histoire de la pensée de l’altérité. En abordant des problématiques en prise avec les transformations que le monde a connues ces dernières décennies (gouvernance mondiale, multiculturalisme, postcolonialisme, hégémonismes divers, conflits de mémoires, guerres et violences extrêmes…), il souligne enfin que les questions épistémologiques qui se posent à l’anthropologie sont aussi des questions politiques. Cette nouvelle édition revue et augmentée analyse les plus récentes recherches et études effectuées par la discipline. Mondher Kilani est professeur d’anthropologie culturelle et sociale à l’Université de Lausanne. Parallèlement à ses recherches sur le terrain, il conduit une réflexion épistémologique et historique sur la discipline.
856 4 1 _uhttps://shs.cairn.info/anthropologie--9782200278212?lang=fr&redirect-ssocas=7080
999 _c2153077
_d2153077